00324nam a2200121Ia 450000500170000000800410001708200130005824500380007126000370010930000180014665000200016470000180018420250313110045.0240331s9999 xx 000 0 und d bEELa894 0aEelathu samakala thamil ilakkiyam aNugegodabvibavi Cultural Centre aviii, 86 p ., aTamil Illakiyam aVibavi. eedt